Σύγκλιση, απόκλιση και περιφερειακή πολιτική

Αποθηκεύτηκε σε:
Λεπτομέρειες βιβλιογραφικής εγγραφής
Κύριος συγγραφέας: Αθανασίου, Λουκής Α.
Συγγραφή απο Οργανισμό/Αρχή: Κέντρο Προγραμματισμού και Οικονομικών Ερευνών
Άλλοι συγγραφείς: Πούπος, Ηλίας Μ., Κανελλόπουλος, Κωσταντίνος Ν.
Μορφή: Βιβλίο
Γλώσσα:Greek
Δημοσίευση: Αθήνα : Κέντρο Προγραμματισμού και Οικονομικών Ερευνών, 1995
Σειρά:Εκθέσεις (Κέντρο Προγραμματισμού και Οικονομικών Ερευνών) ; 16
Θέματα:
Ετικέτες: Προσθήκη ετικέτας
Δεν υπάρχουν, Καταχωρήστε ετικέτα πρώτοι!

MARC

LEADER 00000cam a2200000 i 4500
001 1/1813
008 950725s1995 gr | ||| |||| ||gre||
020 |a 9603410136 
035 |l 10014586 
040 |a GR-MY-UA  |b gre  |e aacr 
041 0 |a gre 
082 0 |a 338.9495 
100 1 |a Αθανασίου, Λουκής Α. 
245 1 0 |a Σύγκλιση, απόκλιση και περιφερειακή πολιτική /  |c Λουκή Α. Αθανασίου ; Κωνσταντίνου Ν. Κανελλόπουλου ; Ηλία Μ. Πούπου 
260 |a Αθήνα :   |b Κέντρο Προγραμματισμού και Οικονομικών Ερευνών,   |c 1995 
300 |a 97 σ. 
490 1 |a Εκθέσεις (Κέντρο Προγραμματισμού και Οικονομικών Ερευνών)  |v ; 16 
650 0 0 |a Regional planning  |z Greece. 
650 0 0 |a Regional economic disparities. 
700 0 |a Πούπος, Ηλίας Μ. 
700 1 |a Κανελλόπουλος, Κωσταντίνος Ν. 
710 2 |a Κέντρο Προγραμματισμού και Οικονομικών Ερευνών. 
830 0 |a Εκθέσεις (Κέντρο Προγραμματισμού και Οικονομικών Ερευνών)  |v ; 16 
852 |a INST  |b LESVOS  |e 19950725  |h 338.9495 ΑΘΑ  |p 005100007595  |q 005100007595  |t BK  |y 0 
909 |a Λ  |b 042502 
922 |a 1ΔΩΡ  |b 199507  |c ΚΕΠΕ